| 000 | 00655nam a2200205 i 4500 | ||
|---|---|---|---|
| 001 | bg | ||
| 100 | 1 | _aCZANDERNA, A. W. | |
| 245 | 0 |
_aMethods of surface analysis. _nVol.1 / _ced. by A.W. Czanderna. |
|
| 260 |
_aAmsterdam : _bElsevier, _c1975. |
||
| 490 | 1 |
_aMethods and Phenomena. Theirs Applications in Science and Technology ; _v1 |
|
| 650 | 9 |
_aPowierzchnia _xbadanie _xmetody |
|
| 650 | 9 | _aSpektroskopia | |
| 650 | 9 | _aSpektrometria | |
| 830 | _aMethods and Phenomena. Theirs Applications in Science and Technology ; | ||
| 040 | _cBPK | ||
| 041 | _apol | ||
| 080 | _a543:621.791/.795 | ||
| 942 | _cKS | ||
| 008 | s pl f |000 0 pol | ||
| 999 |
_c23889 _d23889 |
||
| 856 |
_uhttp://koha.tu.koszalin.pl/cgi-bin/koha/opac-detail.pl?biblionumber=23889 _yKatalog online BPK |
||